Vynaliezavý zlepšovateľ

Prvé vynálezy Thomasa A. Edisona. Hudobný biznis. Svetlo, elektrina a peniaze. Filmové podnikanie.

Guardado en:
Detalles Bibliográficos
Autor principal: Ryník, Jozef
Formato: Capítulo de libro
Lenguaje:eslovaco
Materias:
Etiquetas: Agregar Etiqueta
Sin Etiquetas, Sea el primero en etiquetar este registro!

MARC

LEADER 00000naa$a2200000$$$4500
001 0046670
005 20231019083922.9
041 0 |a slo 
044 |a SK 
245 1 0 |a Vynaliezavý zlepšovateľ  |c Jozef Ryník 
520 |a Prvé vynálezy Thomasa A. Edisona. Hudobný biznis. Svetlo, elektrina a peniaze. Filmové podnikanie. 
610 2 0 |a podnikanie 
610 2 0 |a vynálezcovstvo 
610 2 0 |a vynálezcovia 
610 2 0 |a vynálezy 
610 2 0 |a Edison, T. 
610 2 0 |a manažéri 
610 2 0 |a osobnosť 
100 1 |a Ryník, Jozef